[Event "BCF-chT 2223 (4NCL)"]
[Site "England"]
[Date "2023.04.30"]
[Round "10.5"]
[White "Murray, David"]
[Black "Wall, Tim"]
[Result "0-1"]
[WhiteElo "2090"]
[BlackElo "2290"]
[PlyCount "44"]
[EventDate "2022.10.22"]
[EventType "team-swiss"]
[EventRounds "11"]
[EventCountry "ENG"]
[SourceTitle "EXT 2024"]
[Source "ChessBase"]
[SourceDate "2023.10.10"]
[SourceVersion "1"]
[SourceVersionDate "2023.10.10"]
[SourceQuality "1"]
[WhiteTeam "Gonzaga"]
[BlackTeam "Chessable White Rose II"]
[WhiteTeamCountry "ENG"]
[BlackTeamCountry "ENG"]

1. c4 b6 2. Nc3 Bb7 3. e4 e5 4. g3 f5 5. Bg2 Nf6 6. d3 fxe4 7. dxe4 Bc5 8. Nf3 0-0 9. 0-0 Nc6 10. Nh4 Nd4 11. Nd5 c6 12. Ne3 d5 13. exd5 cxd5 14. cxd5 Nxd5 15. Qh5 Nf6 16. Qxe5 Qd7 17. b4 Ne2+ 18. Kh1 Bd4 19. Qg5 Bxa1 20. Nhf5 Bc3 21. Rd1 Ne4 22. Rxd7 Nxf2# 0-1

[Event "BCF-chT 2122 (4NCL)"]
[Site "England"]
[Date "2022.03.27"]
[Round "6.94"]
[White "Murray, David"]
[Black "Varnam, Liam"]
[Result "0-1"]
[WhiteElo "2108"]
[BlackElo "2079"]
[PlyCount "58"]
[EventDate "2021.11.27"]
[EventType "team-swiss"]
[EventRounds "11"]
[EventCountry "ENG"]
[SourceTitle "EXT 2023"]
[Source "ChessBase"]
[SourceDate "2022.10.05"]
[SourceVersion "1"]
[SourceVersionDate "2022.10.05"]
[SourceQuality "1"]
[WhiteTeam "Gonzaga"]
[BlackTeam "The Sharks II"]
[WhiteTeamCountry "ENG"]
[BlackTeamCountry "ENG"]

1. e4 c5 2. Nf3 Nc6 3. Bb5 g6 4. 0-0 Bg7 5. Bxc6 dxc6 6. h3 e5 7. d3 Ne7 8. Be3 b6 9. a4 a5 10. Nbd2 0-0 11. Nc4 f6 12. Nh2 f5 13. Nf3 Qc7 14. Bd2 Be6 15. b3 fxe4 16. Ng5 Bxc4 17. bxc4 exd3 18. Ne6 Qd6 19. Nxf8 Rxf8 20. Bg5 e4 21. Ra3 h6 22. Bxe7 Qxe7 23. cxd3 e3 24. Qe2 Bd4 25. fxe3 Qxe3+ 26. Qxe3 Bxe3+ 27. Kh2 Rxf1 28. Rb3 Bf4+ 29. g3 Bc7 0-1

[Event "IRL-ch 100th"]
[Site "Dublin"]
[Date "2021.08.01"]
[Round "2"]
[White "Murray, David"]
[Black "Heidenfeld, Mark"]
[Result "0-1"]
[WhiteElo "2142"]
[BlackElo "2360"]
[PlyCount "128"]
[EventDate "2021.07.31"]
[EventType "swiss"]
[EventRounds "9"]
[EventCountry "IRL"]
[SourceTitle "CBM 203 Extra"]
[Source "ChessBase"]
[SourceDate "2021.09.30"]
[SourceVersion "1"]
[SourceVersionDate "2021.09.30"]
[SourceQuality "1"]

1. e4 e6 2. d4 d5 3. Nc3 Nf6 4. e5 Nfd7 5. f4 c5 6. Nf3 Nc6 7. Be3 cxd4 8. Nxd4 a6 9. Qd2 Bc5 10. 0-0-0 0-0 11. h4 Nxd4 12. Bxd4 f6 13. exf6 Bxd4 14. Qxd4 Qxf6 15. g3 Qxd4 16. Rxd4 Nf6 17. Bh3 Nh5 18. Rd3 g6 19. Re1 Ng7 20. Ne2 Bd7 21. Nd4 Rfe8 22. Nf3 Rad8 23. Rde3 Bc8 24. Rc3 Re7 25. Rc5 Nh5 26. Rg1 Kf8 27. Ng5 Nf6 28. Re1 Rde8 29. Rc3 h6 30. Nf3 Ne4 31. Rce3 e5 32. Bg2 exf4 33. gxf4 Nf6 34. Ne5 Bf5 35. Rg3 Nh5 36. Rf3 Kg7 37. Rg1 Nxf4 38. Rxf4 Rxe5 39. Rb4 b5 40. Bf3 Rc8 41. c3 Rc4 42. Rxc4 dxc4 43. Kd2 Be4 44. Bg4 Bb7 45. Re1 Rxe1 46. Kxe1 h5 47. Bd7 Kf6 48. Kf2 g5 49. Kg3 Be4 50. a3 Bg6 51. Bc8 a5 52. Bd7 Bf7 53. Bxb5 gxh4+ 54. Kxh4 Kf5 55. Bd7+ Kf4 56. Bc6 Ke3 57. Kg5 Kd2 58. Kf6 Bg8 59. Kg7 Kc2 60. Kxg8 Kxb2 61. a4 Kxc3 62. Kf7 Kd4 63. Bd7 c3 64. Bf5 h4 0-1

[Event "IRL-ch"]
[Site "Dublin"]
[Date "2020.08.02"]
[Round "2"]
[White "Murray, David"]
[Black "Casey, Eoghan"]
[Result "1-0"]
[WhiteElo "2152"]
[BlackElo "1954"]
[PlyCount "101"]
[EventDate "2020.08.01"]
[EventType "swiss"]
[EventRounds "9"]
[EventCountry "IRL"]
[SourceTitle "CBM 197 Extra"]
[Source "ChessBase"]
[SourceDate "2020.09.30"]
[SourceVersion "1"]
[SourceVersionDate "2020.09.30"]
[SourceQuality "1"]

1. e4 c5 2. Nf3 d6 3. d4 cxd4 4. Nxd4 Nf6 5. f3 e5 6. Bb5+ Bd7 7. Bxd7+ Qxd7 8. Nf5 d5 9. Bg5 dxe4 10. Bxf6 Qxd1+ 11. Kxd1 gxf6 12. fxe4 Rg8 13. g3 Nc6 14. Nc3 0-0-0+ 15. Nd5 Rg4 16. Re1 Nb4 17. h3 Rg5 18. c4 Bc5 19. Re2 Nd3 20. Kc2 Nb4+ 21. Nxb4 Bxb4 22. Rd1 Rxd1 23. Kxd1 Rg8 24. Kc2 a5 25. Rd2 Rd8 26. Rd5 Rxd5 27. exd5 Kd7 28. Kd3 Be1 29. g4 Bb4 30. Ke4 Bf8 31. Kd3 Kc7 32. Ng3 b6 33. Ne4 Bg7 34. Kc2 Kd7 35. Kb3 h5 36. Ka4 hxg4 37. hxg4 Kc7 38. Kb5 Bf8 39. Nxf6 Be7 40. Ne4 Bd6 41. a3 Bf8 42. b4 axb4 43. axb4 Be7 44. c5 bxc5 45. bxc5 Kb7 46. d6 Bd8 47. c6+ Kc8 48. Kc4 Bb6 49. Kd5 Bd4 50. Ng5 f6 51. d7+ 1-0

[Event "Bunratty Masters 27th"]
[Site "Bunratty"]
[Date "2020.02.22"]
[Round "3"]
[White "Kolb, Markus"]
[Black "Murray, David"]
[Result "1-0"]
[WhiteElo "2025"]
[BlackElo "2145"]
[PlyCount "81"]
[EventDate "2020.02.21"]
[EventType "swiss"]
[EventRounds "6"]
[EventCountry "IRL"]
[SourceTitle "EXT 2023"]
[Source "ChessBase"]
[SourceDate "2022.10.05"]
[SourceVersion "1"]
[SourceVersionDate "2022.10.05"]
[SourceQuality "1"]

1. c4 e5 2. g3 Nc6 3. Bg2 f5 4. Nc3 Nf6 5. Nf3 e4 6. Nh4 g6 7. d3 exd3 8. Qxd3 Ne5 9. Qd4 d6 10. Nf3 Qe7 11. Bf4 Nc6 12. Qd2 Bg7 13. 0-0 h6 14. h4 Be6 15. Nd5 Qf7 16. Rfd1 Ne4 17. Qc2 0-0 18. Rac1 a5 19. a3 a4 20. Be3 Nc5 21. Bxc5 dxc5 22. e3 Rfd8 23. Nd2 g5 24. hxg5 hxg5 25. b4 cxb4 26. axb4 a3 27. Nb3 Bb2 28. Rb1 Ne5 29. Nc5 c6 30. Nxe6 Qxe6 31. Nc7 Qf6 32. Nxa8 Rxa8 33. c5 Nf7 34. Bf1 Kg7 35. Bc4 a2 36. Qxb2 Qxb2 37. Rxb2 a1Q 38. Rxa1 Rxa1+ 39. Kg2 Ne5 40. Be2 Kf6 41. f4 1-0

[Event "Graz op-A"]
[Site "Graz"]
[Date "2020.02.18"]
[Round "6"]
[White "Kravanja, Georg"]
[Black "Murray, David"]
[Result "0-1"]
[WhiteElo "2262"]
[BlackElo "2145"]
[PlyCount "70"]
[EventDate "2020.02.14"]
[EventType "swiss"]
[EventRounds "9"]
[EventCountry "AUT"]
[SourceTitle "CBM 195 Extra"]
[Source "ChessBase"]
[SourceDate "2020.05.31"]
[SourceVersion "1"]
[SourceVersionDate "2020.05.31"]
[SourceQuality "1"]

1. d4 Nf6 2. c4 c5 3. d5 b5 4. cxb5 a6 5. f3 axb5 6. e4 Qa5+ 7. Bd2 b4 8. Na3 d6 9. Nc4 Qd8 10. a3 e6 11. dxe6 Bxe6 12. axb4 Rxa1 13. Qxa1 d5 14. exd5 Nxd5 15. Qa4+ Nd7 16. b5 Be7 17. Ne2 0-0 18. Nf4 Re8 19. Nxe6 Bh4+ 20. g3 Rxe6+ 21. Kf2 Bf6 22. Qc2 Nb4 23. Bxb4 Bd4+ 24. Kg2 cxb4 25. Bd3 g6 26. Rd1 Qe7 27. Be4 Bc5 28. Na5 Bb6 29. Qc8+ Nf8 30. Nc4 Bc5 31. Rd8 Kg7 32. Qa8 f5 33. Bd5 Re2+ 34. Kh3 Qg5 35. Rd7+ Kh8 0-1

[Event "BCF-chTb 1920 (4NCL)"]
[Site "Daventry"]
[Date "2020.02.08"]
[Round "5.85"]
[White "Murray, David"]
[Black "Makkar, Rajat"]
[Result "1-0"]
[WhiteElo "2140"]
[BlackElo "2121"]
[PlyCount "81"]
[EventDate "2019.11.09"]
[EventType "team-tourn"]
[EventRounds "11"]
[EventCountry "ENG"]
[SourceTitle "CBM 194 Extra"]
[Source "ChessBase"]
[SourceDate "2020.03.31"]
[SourceVersion "1"]
[SourceVersionDate "2020.03.31"]
[SourceQuality "1"]
[WhiteTeam "Gonzaga"]
[BlackTeam "Grantham Sharks"]
[WhiteTeamCountry "ENG"]
[BlackTeamCountry "ENG"]

1. e4 e5 2. Bc4 Nf6 3. d3 c6 4. Qe2 Bb4+ 5. c3 Be7 6. Nf3 d6 7. d4 exd4 8. cxd4 Nxe4 9. Qxe4 d5 10. Qe5 dxc4 11. Qxg7 Bf6 12. Qh6 Qe7+ 13. Be3 Bf5 14. 0-0 Nd7 15. Nc3 Rg8 16. Rfe1 0-0-0 17. d5 Bxc3 18. bxc3 Be4 19. Bg5 f6 20. dxc6 Nc5 21. Qh3+ Kb8 22. Bf4+ Ka8 23. Bg3 Qf7 24. c7 Rd7 25. Nd4 f5 26. f3 f4 27. Bh4 Bd5 28. Re7 Be6 29. Rxe6 Nxe6 30. Nxe6 Rd2 31. Re1 a6 32. Bd8 Qd7 33. Ng5 Rxd8 34. Qxd7 R2xd7 35. cxd8Q+ Rxd8 36. Ne4 b5 37. Re2 Rd3 38. Rd2 Re3 39. Kf2 a5 40. g3 b4 41. gxf4 1-0

[Event "Dublin Gonzaga Masters"]
[Site "Dublin"]
[Date "2020.01.26"]
[Round "5"]
[White "Venkatesan, Kavin"]
[Black "Murray, David"]
[Result "1-0"]
[WhiteElo "1815"]
[BlackElo "2140"]
[PlyCount "99"]
[EventDate "2020.01.24"]
[EventType "swiss"]
[EventRounds "5"]
[EventCountry "IRL"]
[SourceTitle "CBM 194"]
[Source "ChessBase"]
[SourceDate "2020.02.29"]
[SourceVersion "1"]
[SourceVersionDate "2020.02.29"]
[SourceQuality "1"]

1. d4 Nf6 2. c4 g6 3. Nc3 d5 4. cxd5 Nxd5 5. Bd2 Nb6 6. e3 Bg7 7. Nf3 0-0 8. Bd3 e5 9. Ne2 exd4 10. exd4 Bg4 11. Be4 Nc6 12. Bc3 Nd5 13. 0-0 Re8 14. Ng3 Qd7 15. h3 Be6 16. Re1 Rad8 17. Qd2 Nf6 18. Rad1 Bxa2 19. d5 Nxe4 20. Nxe4 Qf5 21. Bxg7 Rxe4 22. Rxe4 Qxe4 23. Qh6 g5 24. Bf6 Qg6 25. Qxg6+ hxg6 26. Bxd8 Nxd8 27. Nxg5 f6 28. Re1 Kf8 29. Ne4 Kf7 30. d6 c6 31. Nc5 b6 32. Re7+ Kg8 33. Re8+ Kf7 34. Rxd8 bxc5 35. Rc8 Ke6 36. Rxc6 Kd7 37. Rxc5 a6 38. Ra5 Bc4 39. Ra4 Bb5 40. Rd4 Ke6 41. g4 g5 42. Kg2 Bd7 43. Kf3 Ke5 44. Ke3 Ke6 45. f4 Bc6 46. fxg5 fxg5 47. Kf2 Bd7 48. Kg3 Ke5 49. Rd2 Ke6 50. h4 1-0

[Event "Dublin Gonzaga Masters"]
[Site "Dublin"]
[Date "2020.01.25"]
[Round "3"]
[White "Saric, Ante"]
[Black "Murray, David"]
[Result "1-0"]
[WhiteElo "2559"]
[BlackElo "2140"]
[PlyCount "85"]
[EventDate "2020.01.24"]
[EventType "swiss"]
[EventRounds "5"]
[EventCountry "IRL"]
[SourceTitle "CBM 194"]
[Source "ChessBase"]
[SourceDate "2020.02.29"]
[SourceVersion "1"]
[SourceVersionDate "2020.02.29"]
[SourceQuality "1"]

1. Nf3 Nf6 2. g3 g6 3. b3 Bg7 4. Bb2 0-0 5. Bg2 d6 6. d4 c5 7. c4 Qa5+ 8. Qd2 Qxd2+ 9. Nbxd2 Nfd7 10. 0-0-0 a5 11. Nb1 a4 12. dxc5 axb3 13. axb3 Nxc5 14. Bxg7 Kxg7 15. Kb2 Nc6 16. Nc3 Be6 17. Nd2 Ra5 18. Ra1 Rxa1 19. Rxa1 Rb8 20. Nde4 Nxe4 21. Bxe4 f6 22. Nb5 Kf7 23. Kc3 Rc8 24. h4 h6 25. e3 f5 26. Bg2 Kf6 27. Nd4 Bd7 28. Nxc6 Bxc6 29. Bxc6 Rxc6 30. Ra5 b6 31. Rb5 e6 32. Kd4 g5 33. hxg5+ hxg5 34. e4 fxe4 35. Kxe4 Kg6 36. Kf3 d5 37. cxd5 exd5 38. Rxd5 Kh5 39. Kg2 Re6 40. f4 Re3 41. Rxg5+ Kh6 42. Rb5 Re6 43. Kf3 1-0

[Event "Innsbruck op 3rd"]
[Site "Innsbruck"]
[Date "2019.08.28"]
[Round "6"]
[White "Okhotnik, Vladimir"]
[Black "Murray, David"]
[Result "1-0"]
[WhiteElo "2363"]
[BlackElo "2126"]
[PlyCount "73"]
[EventDate "2019.08.25"]
[EventType "swiss"]
[EventRounds "9"]
[EventCountry "AUT"]
[SourceTitle "EXT 2020"]
[Source "ChessBase"]
[SourceDate "2019.10.17"]
[SourceVersion "1"]
[SourceVersionDate "2019.10.17"]
[SourceQuality "1"]

1. e4 e6 2. d4 d5 3. exd5 exd5 4. c4 Nf6 5. Nc3 Bd6 6. c5 Be7 7. Bd3 b6 8. cxb6 axb6 9. Nf3 0-0 10. 0-0 c5 11. Bg5 c4 12. Bc2 Bg4 13. h3 Bh5 14. g4 Bg6 15. Ne5 Ne4 16. Bxe7 Nxc3 17. Bxd8 Nxd1 18. Be7 Re8 19. Bxd1 Rxe7 20. Bf3 Ra5 21. b4 cxb3 22. axb3 Be4 23. Rxa5 bxa5 24. Rc1 Re8 25. Bxe4 dxe4 26. Rc5 f6 27. Nc4 Nd7 28. Rc7 Rd8 29. Nxa5 Nb6 30. Nc6 Rd7 31. Rxd7 Nxd7 32. Kf1 Kf7 33. Ke2 g6 34. Ke3 Ke6 35. Kxe4 f5+ 36. gxf5+ gxf5+ 37. Kd3 1-0

[Event "Innsbruck op 3rd"]
[Site "Innsbruck"]
[Date "2019.08.26"]
[Round "2"]
[White "Modi, Yashil"]
[Black "Murray, David"]
[Result "0-1"]
[WhiteElo "2016"]
[BlackElo "2126"]
[PlyCount "58"]
[EventDate "2019.08.25"]
[EventType "swiss"]
[EventRounds "9"]
[EventCountry "AUT"]
[SourceTitle "EXT 2020"]
[Source "ChessBase"]
[SourceDate "2019.10.17"]
[SourceVersion "1"]
[SourceVersionDate "2019.10.17"]
[SourceQuality "1"]

1. d4 Nf6 2. Nf3 c5 3. d5 e6 4. Nc3 b5 5. dxe6 fxe6 6. Nxb5 d5 7. e3 Nc6 8. c4 a6 9. cxd5 exd5 10. Nc3 Be7 11. Ng5 h6 12. Qa4 Qb6 13. Nf3 0-0 14. e4 dxe4 15. Nxe4 Nxe4 16. Qxe4 Bf5 17. Bc4+ Kh8 18. Qe2 Rae8 19. 0-0 Bg4 20. Be3 Bf6 21. Bd5 Nd4 22. Qc4 Bxf3 23. gxf3 Re5 24. Rac1 Qd6 25. Be4 Rxe4 26. fxe4 Nf3+ 27. Kg2 Bd4 28. Rfe1 Qxh2+ 29. Kf1 Nd2+ 0-1

[Event "IRL-ch"]
[Site "Dublin"]
[Date "2019.08.11"]
[Round "9"]
[White "Melaugh, Gavin"]
[Black "Murray, David"]
[Result "1/2-1/2"]
[WhiteElo "2025"]
[BlackElo "2126"]
[PlyCount "157"]
[EventDate "2019.08.03"]
[EventType "swiss"]
[EventRounds "9"]
[EventCountry "IRL"]
[SourceTitle "CBM 191 Extra"]
[Source "ChessBase"]
[SourceDate "2019.09.30"]
[SourceVersion "1"]
[SourceVersionDate "2019.09.30"]
[SourceQuality "1"]

1. e4 e6 2. d4 d5 3. Nd2 Nf6 4. e5 Nfd7 5. Bd3 c5 6. c3 b6 7. Ne2 Ba6 8. Nf3 Bxd3 9. Qxd3 Nc6 10. 0-0 Be7 11. Ne1 0-0 12. Qh3 c4 13. Nf4 Rc8 14. Nxe6 fxe6 15. Qxe6+ Rf7 16. Qxd5 Nf8 17. Qe4 Ne6 18. f4 Nexd4 19. cxd4 Qxd4+ 20. Qxd4 Nxd4 21. Be3 Bc5 22. Kh1 Re8 23. Rf2 g6 24. Rd1 Ne6 25. Bxc5 Nxc5 26. Rf3 g5 27. g3 Ref8 28. Rd4 b5 29. Rd5 Ne6 30. Rd6 Nc5 31. Rd5 Ne6 32. Rd6 Nc5 33. e6 Rf6 34. fxg5 Rxe6 35. Rxe6 Nxe6 36. Rxf8+ Kxf8 37. h4 Nc5 38. Kg2 a5 39. Kf3 Na4 40. b3 cxb3 41. axb3 Nc5 42. b4 axb4 43. Ke3 b3 44. Nd3 Ke7 45. g4 Kf7 46. Kd2 Ne4+ 47. Ke3 Nc5 48. Ne5+ Ke6 49. Nf3 b2 50. Nd2 b4 51. Nb1 Kd5 52. Kd2 Ke5 53. h5 Ne4+ 54. Kc2 Nxg5 55. Kxb2 Kf4 56. Kb3 h6 57. Kxb4 Kxg4 58. Kc4 Kxh5 59. Kd3 Kg4 60. Ke2 Kg3 61. Nd2 Kg2 62. Nf1 h5 63. Ne3+ Kg1 64. Nf5 Kg2 65. Ne3+ Kg3 66. Nf1+ Kf4 67. Kf2 h4 68. Kg2 h3+ 69. Kh2 Kf3 70. Ng3 Kg4 71. Nf1 Kh4 72. Nd2 Kg4 73. Nf1 Nf3+ 74. Kh1 Kf4 75. Ng3 Ke3 76. Nf5+ Kf2 77. Nd4 Nxd4 78. Kh2 Nb5 79. Kxh3 1/2-1/2

[Event "IRL-ch"]
[Site "Dublin"]
[Date "2019.08.10"]
[Round "8"]
[White "Murray, David"]
[Black "Kanyamarala, Tarun"]
[Result "0-1"]
[WhiteElo "2126"]
[BlackElo "2142"]
[PlyCount "78"]
[EventDate "2019.08.03"]
[EventType "swiss"]
[EventRounds "9"]
[EventCountry "IRL"]
[SourceTitle "CBM 191 Extra"]
[Source "ChessBase"]
[SourceDate "2019.09.30"]
[SourceVersion "1"]
[SourceVersionDate "2019.09.30"]
[SourceQuality "1"]

1. d4 Nf6 2. c4 e6 3. Nc3 Bb4 4. f3 d5 5. a3 Bxc3+ 6. bxc3 0-0 7. cxd5 exd5 8. e3 c5 9. Bd3 b6 10. Ne2 Ba6 11. 0-0 Re8 12. Ng3 Bxd3 13. Qxd3 Nc6 14. Ra2 Re6 15. Rd1 Qe8 16. Re2 Rd8 17. a4 Na5 18. dxc5 bxc5 19. e4 c4 20. Qc2 dxe4 21. Rxd8 Qxd8 22. fxe4 Nb3 23. Be3 Qd7 24. Bg5 Ng4 25. Nf5 h6 26. Bh4 Ne5 27. Bf2 Qxa4 28. h3 Nd3 29. Bd4 Ne5 30. Re3 Kh7 31. Qf2 Nd3 32. Qh4 Qa1+ 33. Kh2 Nd2 34. Ng3 Rg6 35. Re2 Nf1+ 36. Nxf1 Qxf1 37. Qh5 Nf4 38. Rf2 Rxg2+ 39. Rxg2 Qxg2# 0-1

[Event "IRL-ch"]
[Site "Dublin"]
[Date "2019.08.09"]
[Round "7"]
[White "Murray, David"]
[Black "Delaney, Killian"]
[Result "1/2-1/2"]
[WhiteElo "2126"]
[BlackElo "2247"]
[PlyCount "128"]
[EventDate "2019.08.03"]
[EventType "swiss"]
[EventRounds "9"]
[EventCountry "IRL"]
[SourceTitle "CBM 191 Extra"]
[Source "ChessBase"]
[SourceDate "2019.09.30"]
[SourceVersion "1"]
[SourceVersionDate "2019.09.30"]
[SourceQuality "1"]

1. e4 c6 2. d4 d5 3. Nd2 dxe4 4. Nxe4 Nf6 5. Nxf6+ exf6 6. c3 Bd6 7. Bd3 0-0 8. Qc2 Re8+ 9. Ne2 h5 10. Be3 Nd7 11. 0-0-0 Nf8 12. Qd2 b5 13. Ng3 g6 14. Bf4 f5 15. Bxd6 Qxd6 16. Qh6 Qd5 17. Rhe1 Bd7 18. Kb1 Rxe1 19. Rxe1 Qxg2 20. Qf4 Re8 21. Rxe8 Bxe8 22. Ne2 Bd7 23. Nc1 Be6 24. Qg3 Bd5 25. Kc2 Ne6 26. Kd2 Qxg3 27. hxg3 f4 28. b3 fxg3 29. fxg3 g5 30. Ke3 h4 31. gxh4 gxh4 32. Kf2 Nf4 33. Bf5 Kg7 34. Nd3 Kf6 35. Bh7 Nxd3+ 36. Bxd3 Kg5 37. c4 bxc4 38. bxc4 Bh1 39. Kg1 Bf3 40. Kf2 Kf4 41. Bf1 Be4 42. a3 a5 43. Bh3 f6 44. Bf1 f5 45. Bh3 Bd3 46. Bg2 Bxc4 47. Bxc6 h3 48. Bf3 a4 49. Bb7 Bd3 50. d5 Ke5 51. Kg3 Be4 52. Kxh3 Bxd5 53. Bc8 Kf4 54. Bd7 Bb3 55. Kg2 Ke4 56. Kf2 f4 57. Be8 Ke5 58. Kf3 Bd1+ 59. Kf2 Ke4 60. Bc6+ Kd4 61. Be8 Kc3 62. Bxa4 Bxa4 63. Kf3 Kb3 64. Kxf4 Kxa3 1/2-1/2

[Event "IRL-ch"]
[Site "Dublin"]
[Date "2019.08.07"]
[Round "5"]
[White "Daly, Colm"]
[Black "Murray, David"]
[Result "1-0"]
[WhiteElo "2213"]
[BlackElo "2126"]
[PlyCount "215"]
[EventDate "2019.08.03"]
[EventType "swiss"]
[EventRounds "9"]
[EventCountry "IRL"]
[SourceTitle "CBM 191 Extra"]
[Source "ChessBase"]
[SourceDate "2019.09.30"]
[SourceVersion "1"]
[SourceVersionDate "2019.09.30"]
[SourceQuality "1"]

1. Nf3 Nf6 2. c4 g6 3. b4 Bg7 4. Bb2 0-0 5. e3 c6 6. d3 d5 7. Nbd2 a5 8. a3 Bf5 9. Be2 axb4 10. axb4 Rxa1 11. Qxa1 dxc4 12. dxc4 Na6 13. Qa3 c5 14. bxc5 Qc7 15. Nb3 Ne4 16. Bxg7 Kxg7 17. c6 Qxc6 18. Qxe7 Qa4 19. Qe5+ f6 20. Qb2 Qb4+ 21. Kf1 Nac5 22. Bd1 Qxc4+ 23. Kg1 Nd3 24. Qe2 Nexf2 25. Nfd4 Bg4 26. Qc2 Rc8 27. Qxc4 Rxc4 28. Bc2 Rc3 29. Bxd3 Nxd3 30. h3 Bd1 31. Nd2 Ba4 32. Kh2 b5 33. Ne4 Rc8 34. Ne6+ Kg8 35. Nd4 f5 36. Nd6 Rc5 37. Rb1 b4 38. Ra1 Bc6 39. Ra7 Bd5 40. Ne8 Kf8 41. Nf6 b3 42. Nd7+ Ke8 43. Nxb3 Bxb3 44. Nxc5 Nxc5 45. Rxh7 Bf7 46. Rh8+ Ke7 47. Ra8 Kf6 48. Ra7 Ne4 49. Ra6+ Ke5 50. Ra5+ Bd5 51. Kg1 Nc3 52. Ra6 Be6 53. Ra3 Nd5 54. Kf2 Nf6 55. Ra5+ Bd5 56. Ra7 Ne4+ 57. Kg1 Ng5 58. Re7+ Ne6 59. Kf2 Bc6 60. Ra7 Nc5 61. Re7+ Kf6 62. Ra7 Ne6 63. Ra6 Bd5 64. Rb6 Ke5 65. Rb8 Be4 66. Rb5+ Kf6 67. Rb6 Bd5 68. Rb5 Ke5 69. Rb8 g5 70. Re8 Kf6 71. Rh8 Kg7 72. Rb8 Be4 73. Rb5 Kf6 74. Rb6 Bc2 75. Rc6 Ba4 76. Ra6 Be8 77. Ra8 Bf7 78. Ra6 Bh5 79. Rb6 Ke7 80. Rb7+ Kf6 81. Rb6 Be8 82. Rb8 Bd7 83. Rb7 Nc5 84. Rc7 Ne4+ 85. Ke1 Be6 86. Ra7 Bd5 87. Rc7 Ke5 88. Re7+ Kd6 89. Rg7 Kc5 90. g3 Kd6 91. h4 gxh4 92. gxh4 Nf6 93. Rg5 Ke5 94. h5 Ng4 95. Rg7 Kf6 96. Rg6+ Kf7 97. Ke2 Bc4+ 98. Kd2 Be6 99. Ke2 Bc4+ 100. Kd2 Be6 101. Ke2 Nf6 102. Rg5 Ne4 103. Rg1 Kf6 104. h6 Bc4+ 105. Ke1 f4 106. h7 f3 107. h8Q+ Kf5 108. Qh5+ 1-0

[Event "IRL-ch"]
[Site "Dublin"]
[Date "2019.08.05"]
[Round "3"]
[White "Harding, Timothy David"]
[Black "Murray, David"]
[Result "1/2-1/2"]
[WhiteElo "2028"]
[BlackElo "2126"]
[PlyCount "69"]
[EventDate "2019.08.03"]
[EventType "swiss"]
[EventRounds "9"]
[EventCountry "IRL"]
[SourceTitle "CBM 191 Extra"]
[Source "ChessBase"]
[SourceDate "2019.09.30"]
[SourceVersion "1"]
[SourceVersionDate "2019.09.30"]
[SourceQuality "1"]

1. Nf3 Nf6 2. c4 g6 3. b3 Bg7 4. Bb2 0-0 5. g3 d6 6. d4 c5 7. Bg2 Ne4 8. Nfd2 Nxd2 9. Qxd2 cxd4 10. Bxd4 Bxd4 11. Qxd4 Nc6 12. Qd2 Be6 13. Nc3 Qa5 14. 0-0 Rac8 15. Rfd1 Qe5 16. Ne4 a6 17. Rac1 Qh5 18. Ng5 Bg4 19. f3 h6 20. Nxf7 Qc5+ 21. Kh1 Rxf7 22. fxg4 Kh7 23. Rf1 Rcf8 24. Rxf7+ Rxf7 25. Qd5 Kg7 26. Qxc5 dxc5 27. Bxc6 bxc6 28. Kg2 Rf6 29. Rd1 Rd6 30. Rxd6 exd6 31. Kf3 Kf6 32. Kf4 g5+ 33. Ke4 Ke6 34. h3 Kf6 35. Kd3 1/2-1/2

[Event "Dublin Irish op"]
[Site "Dublin"]
[Date "2019.04.22"]
[Round "9"]
[White "Murray, David"]
[Black "Fitzsimons, David"]
[Result "0-1"]
[WhiteElo "2152"]
[BlackElo "2299"]
[PlyCount "64"]
[EventDate "2019.04.17"]
[EventType "swiss"]
[EventRounds "9"]
[EventCountry "IRL"]
[SourceTitle "CBM 189 Extra"]
[Source "ChessBase"]
[SourceDate "2019.05.31"]
[SourceVersion "1"]
[SourceVersionDate "2019.05.31"]
[SourceQuality "1"]

1. e4 d6 2. d4 Nf6 3. Nc3 g6 4. Bg5 c6 5. Qd2 Nbd7 6. f4 d5 7. e5 Ne4 8. Nxe4 dxe4 9. Bc4 f6 10. Bh4 Bh6 11. Ne2 Nb6 12. Bb3 fxe5 13. dxe5 Qxd2+ 14. Kxd2 Bg4 15. g3 Rd8+ 16. Ke3 Nd5+ 17. Bxd5 Rxd5 18. h3 Bf3 19. Rhd1 Rxe5 20. Rd2 0-0 21. Rd7 g5 22. fxg5 Rxg5 23. Rxe7 Rxg3+ 24. Kd4 Rd8+ 25. Kc3 Rxh3 26. Rg1+ Kf8 27. Nd4 Rxh4 28. Rxb7 Bg4 29. Rxa7 Be3 30. Rf1+ Kg8 31. Nxc6 Rc8 32. Ra6 Be2 0-1